| 000 | 00886nam a2200229 i 4500 | ||
|---|---|---|---|
| 001 | 50071 | ||
| 003 | ES-MaACL | ||
| 005 | 20230906162122.0 | ||
| 007 | t| | ||
| 008 | 030729s1909 sp ||||1| spa d | ||
| 080 | _a929 Retana, W. E. | ||
| 080 | _a94(599):930 | ||
| 100 | 1 |
_aCristóbal, Epifanio de los Santos. _941636 |
|
| 245 | 1 | 0 |
_aWenceslao E. Retana _b: ensayo crítico acerca de este ilustre filipinista / _cEpifanio de los Santos Cristóbal. |
| 260 |
_a[S.l. : _bs.n., _c1909] ( _eMadrid : _fEst. Tip. de Fortanet) |
||
| 300 |
_a33 p. : _b1retr. ; _c26 cm. |
||
| 530 | _aDisponible también en el sitio web. | ||
| 600 | 1 | 4 |
_aRetana, W. E. _9143306 |
| 651 | 4 |
_aFilipinas- _vHistoriografía. _9151086 |
|
| 852 |
_aES-MaACL _jT-1188-F-7 |
||
| 856 |
_uhttp://bibliotecadigitalhispanica.bne.es:80/webclient/DeliveryManager?pid=2809208&custom_att_2=simple_viewer _zIr a la página |
||
| 999 |
_c50071 _d50071 |
||